Calculus : (Record no. 52078)

MARC details
000 -LEADER
fixed length control field 00508nam a2200193Ia 4500
005 - DATE AND TIME OF LATEST TRANSACTION
control field 20260429112040.0
008 - FIXED-LENGTH DATA ELEMENTS--GENERAL INFORMATION
fixed length control field 260429s9999||||xx |||||||||||||| ||und||
020 ## - INTERNATIONAL STANDARD BOOK NUMBER
International Standard Book Number 9788199052918
041 ## - LANGUAGE CODE
Language English
082 ## - DEWEY DECIMAL CLASSIFICATION NUMBER
Classification number 515
Item number MAZ
100 ## - MAIN ENTRY--PERSONAL NAME
Personal name Mazur, Joseph C.
245 #0 - TITLE STATEMENT
Title Calculus :
Remainder of title an introduction /
Statement of responsibility, etc Joseph C. Mazur
260 ## - PUBLICATION, DISTRIBUTION, ETC. (IMPRINT)
Place of publication, distribution, etc New Delhi :
Name of publisher, distributor, etc Blackwell Press,
Date of publication, distribution, etc 2026.
300 ## - PHYSICAL DESCRIPTION
Extent 264 p.; hb
650 ## - SUBJECT ADDED ENTRY--TOPICAL TERM
Topical term or geographic name as entry element Differential calculus
650 ## - SUBJECT ADDED ENTRY--TOPICAL TERM
Topical term or geographic name as entry element Mathematics
650 ## - SUBJECT ADDED ENTRY--TOPICAL TERM
Topical term or geographic name as entry element Calculus
942 ## - ADDED ENTRY ELEMENTS (KOHA)
Koha item type Text Books
Holdings
Withdrawn status Lost status Damaged status Not for loan Collection code Home library Location Shelving location Date of Cataloging Source of acquisition Total Checkouts Full call number Barcode Date last seen Price effective from Koha item type
        Non-fiction CUTN Central Library CUTN Central Library Sciences 29/04/2026 Kiran Book Service, New Delhi - Invoice No. IN-00113 on 09-02-2026   515 MAZ 57150 29/04/2026 29/04/2026 Text Books